000 00399nam a2200133Ia 4500
005 20260328104259.0
008 260328s9999||||xx |||||||||||||| ||und||
100 _aScheinberger, Felix
245 0 _aAcuarela para Urban Sketchers :
_b Recursos para Dibujar, Pintar y Narrar Historias en Color /
_cFelix Scheinberger
260 _bGustavo Gili
300 _a156 p.
650 _aACUARELA
942 _cBK
999 _c10563
_d10563